00739 a2200145 4500003000500000005001700005040000900022082001200031100002500043245008600068260002600154300001200180505037500192650002600567NUST20221124130638.0 cNust a530,CAR aCarter, Ernest Frank aPhysics for everyone:b1001 physics questions and answers /c Ernest Frank Carter aLondon, Burkec[1950] a223 p.: aMatter (Page-9), Motion (Page-27) Light (Page-43), Heat (Page-59), Sound (Page-79), Pneumatic( Page-91), Hydraulics (Page-101), Electricity (Page-120), Magnetism (Page-130), Electricity ,Voltaic or Current (Page-143), Electricity, Voltaic or Current (Continued) (Page-162), Radio and Television (Page-176), Nuclear Physics (Page-196), Miscellaneous Questions (Page-201). aPhysics for everyone;